|
|
|
|
| LEADER |
00706nab a2200193 i 4500 |
| 001 |
publ23259 |
| 005 |
20221026142640.0 |
| 008 |
220121s2020 hu o 0|| Magyar d |
| 022 |
|
|
|a 0237-7284
|
| 024 |
7 |
|
|a 32579980
|2 mtmt
|
| 040 |
|
|
|a SZTE Publicatio Repozitórium
|b hun
|
| 041 |
|
|
|a Magyar
|
| 100 |
1 |
|
|a Varga Norbert
|
| 245 |
1 |
2 |
|a A törvényszéki eljárás megindítása kartellügyekben az 1931. évi XX. tc. hatálybalépését követően
|h [elektronikus dokumentum] /
|c Varga Norbert
|
| 260 |
|
|
|c 2020
|
| 300 |
|
|
|a 38-44
|
| 490 |
0 |
|
|a JOGTÖRTÉNETI SZEMLE
|v 18 No. 4
|
| 650 |
|
4 |
|a Jogtudomány
|
| 856 |
4 |
0 |
|u http://publicatio.bibl.u-szeged.hu/23259/1/MAJT_Jogtorteneti_Szemle_202004-2.pdf
|z Dokumentum-elérés
|